Osobnosť európskeho významu

Podrobná bibliografia
Hlavný autor: Matáková, Barbora (Autor)
Médium: Článok
Jazyk:slovenčina
Predmet:

MARC

LEADER 00000nab a2200000 a 4500
001 vtls000105750
003 SK-MaSNL
005 20260303024140.0
008 160201c1982 xo 0 slo
015 |a SNBRB19rr/mm-uuuuu 
035 |a CL0115853 
040 |a SNKBUCL  |b slo  |c SNKBUCL  |e AACR2 
041 0 |a slo 
044 |a xo  |c SK 
080 |a 75  |2 1981 
080 |a 76  |2 1981 
100 1 |a Matáková, Barbora  |4 aut  |9 7094 
245 1 0 |a Osobnosť európskeho významu  |c Barbora Matáková 
650 0 7 |a Hollar, Václav,  |d 1607-1677  |2 snkbucl  |9 1007564 
651 7 |a 5301  |2 snkbucl  |9 893756 
655 7 |a články z novín a časopisov  |2 snkbucl  |9 267496 
773 0 |t Práca  |g Roč. 37, č. 18 (22. 1. 1982), s. 6 
850 |a Slovenská národná knižnica v Martine  |a MTA001 
852 |a SNK  |b KIS3GCP 
958 |a RK 
958 |a CZ 
992 |a RBX 
999 |c 1638663  |d 1640593